| 000 | 00732nam a2200241Ia 4500 | ||
|---|---|---|---|
| 005 | 20250425162838.0 | ||
| 008 | 250425s9999 xx 000 0 und d | ||
| 020 | _a9780307887894 | ||
| 041 | _aeng | ||
| 082 |
_a658.11 _pRIE |
||
| 100 | _aRies, Eric | ||
| 245 | 0 |
_aThe lean startup _bhow today's entrepreneurs use continuous innovation to create radically successful businesses _cEric, Ries |
|
| 250 | _aFirst edition | ||
| 260 | _aNew York | ||
| 260 |
_aUnited States _bCURRENCY NEW YORK _c2011 |
||
| 300 |
_a320 page _c20 x 30 cm |
||
| 650 | _aConsumers' Preferences | ||
| 650 | _aNew Business Enterprises | ||
| 650 | _aOrganizational Effectiveness | ||
| 710 | _aCURRENCY NEW YORK | ||
| 942 | _c01 | ||
| 010 | _a113168 | ||
| 999 |
_c237604 _d237604 |
||